A 2nd helping of chicken soup for the soul : (Record no. 237)

MARC details
000 -LEADER
fixed length control field 01492cam a2200349 a 4500
005 - DATE AND TIME OF LATEST TRANSACTION
control field 20260322212011.0
008 - FIXED-LENGTH DATA ELEMENTS--GENERAL INFORMATION
fixed length control field data
010 ## - LIBRARY OF CONGRESS CONTROL NUMBER
LC control number 95002353
020 ## - INTERNATIONAL STANDARD BOOK NUMBER
International Standard Book Number 1558743324 (hard cover)
020 ## - INTERNATIONAL STANDARD BOOK NUMBER
International Standard Book Number 1558743316 (trade paper)
020 ## - INTERNATIONAL STANDARD BOOK NUMBER
International Standard Book Number 9781558743311 (trade paper)
020 ## - INTERNATIONAL STANDARD BOOK NUMBER
International Standard Book Number 9781558743328 (hard cover)
040 ## - CATALOGING SOURCE
Original cataloging agency DLC
Transcribing agency DLC
Modifying agency DLC
050 00 - LIBRARY OF CONGRESS CALL NUMBER
Classification number BL624
Item number .C457 1995
082 00 - DEWEY DECIMAL CLASSIFICATION NUMBER
Classification number 158/.12
Edition information 20
001 - CONTROL NUMBER
control field data
245 02 - TITLE STATEMENT
Title A 2nd helping of chicken soup for the soul :
Remainder of title 101 more stories to open the heart and rekindle the spirit /
Statement of responsibility, etc. [compiled by] Jack Canfield and Mark Victor Hansen.
246 3# - VARYING FORM OF TITLE
Title proper/short title Second helping of chicken soup for the soul.
260 ## - PUBLICATION, DISTRIBUTION, ETC.
Place of publication, distribution, etc. Deerfield Beach, Fla. :
Name of publisher, distributor, etc. Health Communications,
Date of publication, distribution, etc. c1995.
300 ## - PHYSICAL DESCRIPTION
Extent xix, 329 p. :
Other physical details ill. ;
Dimensions 22 cm.
650 #0 - SUBJECT ADDED ENTRY--TOPICAL TERM
Topical term or geographic name entry element Spiritual life.
700 1# - ADDED ENTRY--PERSONAL NAME
Personal name Canfield, Jack,
Dates associated with a name 1944-
700 1# - ADDED ENTRY--PERSONAL NAME
Personal name Hansen, Mark Victor.
730 0# - ADDED ENTRY--UNIFORM TITLE
Uniform title Chicken soup for the soul.
856 42 - ELECTRONIC LOCATION AND ACCESS
Materials specified Publisher description
Uniform Resource Identifier <a href="http://www.loc.gov/catdir/enhancements/fy0727/95002353-d.html">http://www.loc.gov/catdir/enhancements/fy0727/95002353-d.html</a>
856 41 - ELECTRONIC LOCATION AND ACCESS
Materials specified Sample text
Uniform Resource Identifier <a href="http://www.loc.gov/catdir/enhancements/fy0727/95002353-s.html">http://www.loc.gov/catdir/enhancements/fy0727/95002353-s.html</a>
856 42 - ELECTRONIC LOCATION AND ACCESS
Materials specified Contributor biographical information
Uniform Resource Identifier <a href="http://www.loc.gov/catdir/enhancements/fy0735/95002353-b.html">http://www.loc.gov/catdir/enhancements/fy0735/95002353-b.html</a>
906 ## - LOCAL DATA ELEMENT F, LDF (RLIN)
a 7
b cbc
c orignew
d 1
e ocip
f 19
g y-gencatlg
920 ## -
-- **LC HAS REQ'D # OF SHELF COPIES**
991 ## -
-- c-GenColl
-- BL624
-- .C457 1995
-- Copy 1
-- BOOKS
Holdings
Withdrawn status Lost status Damaged status Not for loan Home library Current library Shelving location Date acquired Total checkouts Full call number Barcode Date last seen Price effective from Koha item type
        Institut Protestant de Théologie Institut Protestant de Théologie General stacks 22/03/2026   158/.12 20 BC0010245 22/03/2026 22/03/2026 Books